| 000 | 00453nmm a2200145Ia 4500 | ||
|---|---|---|---|
| 008 | 251105s9999||||xx |||||||||||||||||und|| | ||
| 041 | _aspa | ||
| 100 | _aFeldmann, Christian | ||
| 245 | 0 | _aRebelde de Dios : José Kentenich y su visión de un mundo nuevo | |
| 264 |
_a[Santiago de Chile, Chile] : _bNueva Patris, _c2011 |
||
| 300 | _a202 páginas | ||
| 650 | _aReligion(s) | ||
| 856 | _uhttps://public.digitaliapublishing.com/a/28725 | ||
| 942 | _cCF | ||
| 999 |
_c104438 _d104438 |
||